000 00261nam a2200121 i 4500
001 bg
245 0 _aLexikon der Gesamten Technik. Band 4.
260 _aStuttgard.
040 _cBPK
041 _apol
942 _cKS
008 s pl f |000 0 pol
999 _c7893
_d7893
856 _uhttp://koha.tu.koszalin.pl/cgi-bin/koha/opac-detail.pl?biblionumber=7893
_yKatalog online BPK